000 00354pab a2200157 454500
008 180718b1987 xxu||||| |||| 00| 0 eng d
100 _aTripathi, A.P.
245 _aFinancial flows in public sector banks
260 _c1987
300 _a17-19,33
362 _a16 July
650 _aBanks
700 _aV.S. Singh
773 _aYojana
909 _a4272
999 _c4272
_d4272